00831cam a2200241 a 4500999001500000001000600015003000900021005001700030008004100047020001900088020001500107040003800122082001900160100002000179245005400199260004500253300003200298504005100330650004800381650003100429942001200460952011700472 c3312d331215177BD-DhUAP20200303152727.0200303s1998 bg abf b f000 0 eng  a9781350096479  a1350096474 aBD-DhUAPcBD-DhUAPdBD-DhUAPbEng a791.43 BAR223 aBarnwell, Jane. aThe fundamentals of film-making /cJane Barnwell. aLausanne : bAVA Publishing SA,cc2018. a208 pages :bill. ;c23 cm. aIncludes bibliographical references and index. aMotion pictures -- Production and direction aMotion picture authorship. 2ddccBK 00102ddc4070aUAPCLbUAPCLcGeneral Stacksd2020-03-03o791.43 BARp3010015177r2020-03-03t1w2020-03-03yBK